Statistics for Every Dr. Dre song that hit the Billboard hot 100

Click here to take the quiz!

General Stats

  • This quiz has been taken 44 times
  • The average score is 5 of 16

Answer Stats

Peak Chart PositionYearSong% Correct
931999Still D.R.E.
82%
21993Nuthin' But A "G" Thang
72%
252000Forgot About Dre
67%
42011I Need A Doctor
59%
232000The Next Episode
54%
341993Let Me Ride
41%
81993Dre Day
31%
342010Kush
28%
12009Crack A Bottle
21%
101995Keep Their Heads Ringin' (From "Friday")
13%
11996No Diggity
10%
252009Old Time's Sake
3%
792012New Day
3%
982002Knoc
3%
252005Encore
0%
292010Hell Breaks Loose
0%

Score Distribution

Percentile by Number Answered

Percent of People with Each Score

Your Score History

You have not taken this quiz